Spell the Marvel Character #426 - Statistics

General Stats
  • This quiz has been taken 9 times
  • The average score is 7 of 8
Answer Stats
Picture Answer % Correct
Okoye
100%
Oya
100%
Pixie
100%
Elsa Bloodstone
89%
Red Dagger
89%
Torpedo
89%
Dazzler
78%
Turbo
33%
No matching quizzes found
Score Distribution
Percent of People with Each Score
Percentile by Number Answered
Your Score History
You have not taken this quiz